00616nam a2200181Ia 4500003000900000008004100009020001800050040001600068080001700084100002000101245016200121260003500283300001400318650004100332650003600373650001500409650001000424IN-BaIIA211028s9999 xx 000 0 eng d a0-12-374701-5 cIIA Library a535.4bISH-1 aIshimaru, Akira 0aWave propagation and scattering in random mediabvol. 1, single scattering and transport theorycAkira, Ishimaru  aNew YorkbAcademic Pressc1978 axv, 250p. aAstronomy and astrophysics thesaurus aElectromagnetic wave scattering aScattering aWaves